MATMAT - S2 - MORTIER/BÉTON - Statistiques

Statistiques générales
  • Ce quiz a été pris 57 fois
  • Le résultat moyen est 3 sur 5
Statistiques - réponses
Question Réponse % Correct
L’équivalence ciment du laitier est : 0,9
100%
Le module élastique instantané du béton est environ : 40 GPa
100%
Le béton est un matériau : Composite
100%
Quel composant du béton permet l'hydratation ? Eau
100%
Le rapport E/C influence principalement : La résistance et la porosité
100%
Le béton à propriétés spécifiées (BPS) mentionne : Le type, résistance, exposition, etc.
100%
Une bonne compacité du béton implique : Moins de vides
100%
Le criblage des granulats sert à : Obtenir des classes granulaires
100%
Le dosage en béton est généralement : Piloté par ordinateur
100%
Un plastifiant permet de : Réduire l’eau tout en gardant la consistance
100%
La résistance du béton est mesurée après : 28 jours
67%
Les gravillons sont définis comme des granulats de taille : 2 mm ≤ d ≤ 31,5 mm
50%
Une granulométrie discontinue présente : Une absence de certaines fractions
50%
Quelle est la plage typique du dosage en ciment ? 150–400 kg/m³
0%
Une exposition XS1 correspond à : À 100 m - 1 km de la mer
0%
La certification NF du BPE est délivrée par : Afnor
0%
Les granulats recyclés proviennent de : Béton de démolition
0%
Une exposition de type XC indique un risque de : Carbonatation
0%
Lors de la fabrication en centrale, les granulats sont stockés : Dans des cases
0%
La formule de Dreux-Gorisse s'inspire de : Féret
0%
L’essai du cône d’Abrams mesure : La consistance
0%
Le béton à composition prescrite (BCP) précise : Le dosage ciment, type, E/C
0%
La norme NF EN 206-1 définit : Les classes d’exposition
0%
Les superplastifiants sont plus efficaces que : Les plastifiants simples
0%
Si G/S > 1,2, cela signifie : Meilleure compacité
0%
Un objectif essentiel de la formulation du béton est : Réduire la porosité
0%
Une classe de consistance S5 signifie : Très fluide
0%
Les fumées de silice sont des additions : Type II
0%
Une eau en excès entraîne : Une résistance plus faible
0%
Aucun quiz correspondant
Distribution des résultats
% des personnes avec chaque résultat
Percentile par nombre de réponses
Votre historique - résultats
Vous n’avez pas pris ce quiz